000 00217 a2200097 4500
020 _a9780590446839
041 _aeng
100 _aCole, Joanna
245 _aThe magic schoolbus and the electric field trip
942 _cBK
999 _c31759
_d31757